<?xml version="1.0" encoding="UTF-8"?>
<record
    xmlns:xsi="http://www.w3.org/2001/XMLSchema-instance"
    xsi:schemaLocation="http://www.loc.gov/MARC21/slim http://www.loc.gov/standards/marcxml/schema/MARC21slim.xsd"
    xmlns="http://www.loc.gov/MARC21/slim">

  <leader>     nam a22     7a 4500</leader>
  <datafield tag="999" ind1=" " ind2=" ">
    <subfield code="c">44460</subfield>
    <subfield code="d">44460</subfield>
  </datafield>
  <controlfield tag="003">OSt</controlfield>
  <controlfield tag="005">20181011125808.0</controlfield>
  <controlfield tag="008">181011b        xxu||||| |||| 00| 0 eng d</controlfield>
  <datafield tag="040" ind1=" " ind2=" ">
    <subfield code="c">IIMT COLLEGE OF D. PHARMA</subfield>
  </datafield>
  <datafield tag="100" ind1=" " ind2=" ">
    <subfield code="a">WALLIS, T.E</subfield>
  </datafield>
  <datafield tag="245" ind1=" " ind2=" ">
    <subfield code="a">TEXT BOOK OF PHARMACOGNOCY</subfield>
  </datafield>
  <datafield tag="260" ind1=" " ind2=" ">
    <subfield code="a">NEW DELHI</subfield>
    <subfield code="b">CBS</subfield>
    <subfield code="c">2005</subfield>
  </datafield>
  <datafield tag="300" ind1=" " ind2=" ">
    <subfield code="a">652</subfield>
  </datafield>
  <datafield tag="942" ind1=" " ind2=" ">
    <subfield code="2">ddc</subfield>
    <subfield code="c">02</subfield>
  </datafield>
  <datafield tag="952" ind1=" " ind2=" ">
    <subfield code="0">0</subfield>
    <subfield code="1">0</subfield>
    <subfield code="2">ddc</subfield>
    <subfield code="4">0</subfield>
    <subfield code="7">0</subfield>
    <subfield code="a">26</subfield>
    <subfield code="b">12</subfield>
    <subfield code="d">2018-10-11</subfield>
    <subfield code="e">BANSAL</subfield>
    <subfield code="g">395.00</subfield>
    <subfield code="i">6009</subfield>
    <subfield code="l">0</subfield>
    <subfield code="p">26-B-51</subfield>
    <subfield code="r">2018-10-11</subfield>
    <subfield code="w">2018-10-11</subfield>
    <subfield code="y">02</subfield>
  </datafield>
  <datafield tag="952" ind1=" " ind2=" ">
    <subfield code="0">0</subfield>
    <subfield code="1">0</subfield>
    <subfield code="2">ddc</subfield>
    <subfield code="4">0</subfield>
    <subfield code="7">0</subfield>
    <subfield code="a">26</subfield>
    <subfield code="b">12</subfield>
    <subfield code="d">2018-10-11</subfield>
    <subfield code="e">BANSAL</subfield>
    <subfield code="g">395.00</subfield>
    <subfield code="i">6009</subfield>
    <subfield code="l">2</subfield>
    <subfield code="p">26-B-52</subfield>
    <subfield code="r">2018-10-17</subfield>
    <subfield code="s">2018-10-17</subfield>
    <subfield code="w">2018-10-11</subfield>
    <subfield code="y">02</subfield>
  </datafield>
  <datafield tag="952" ind1=" " ind2=" ">
    <subfield code="0">0</subfield>
    <subfield code="1">0</subfield>
    <subfield code="2">ddc</subfield>
    <subfield code="4">0</subfield>
    <subfield code="7">0</subfield>
    <subfield code="a">26</subfield>
    <subfield code="b">12</subfield>
    <subfield code="d">2018-10-11</subfield>
    <subfield code="e">BANSAL</subfield>
    <subfield code="g">395.00</subfield>
    <subfield code="i">6009</subfield>
    <subfield code="l">1</subfield>
    <subfield code="p">26-B-53</subfield>
    <subfield code="r">2018-12-06</subfield>
    <subfield code="s">2018-10-17</subfield>
    <subfield code="w">2018-10-11</subfield>
    <subfield code="y">02</subfield>
  </datafield>
  <datafield tag="952" ind1=" " ind2=" ">
    <subfield code="0">0</subfield>
    <subfield code="1">0</subfield>
    <subfield code="2">ddc</subfield>
    <subfield code="4">0</subfield>
    <subfield code="7">0</subfield>
    <subfield code="a">26</subfield>
    <subfield code="b">12</subfield>
    <subfield code="d">2018-10-11</subfield>
    <subfield code="e">BANSAL</subfield>
    <subfield code="g">395.00</subfield>
    <subfield code="i">6009</subfield>
    <subfield code="l">0</subfield>
    <subfield code="p">26-B-54</subfield>
    <subfield code="r">2018-10-11</subfield>
    <subfield code="w">2018-10-11</subfield>
    <subfield code="y">02</subfield>
  </datafield>
  <datafield tag="952" ind1=" " ind2=" ">
    <subfield code="0">0</subfield>
    <subfield code="1">0</subfield>
    <subfield code="2">ddc</subfield>
    <subfield code="4">0</subfield>
    <subfield code="7">0</subfield>
    <subfield code="a">26</subfield>
    <subfield code="b">12</subfield>
    <subfield code="d">2018-10-11</subfield>
    <subfield code="e">BANSAL</subfield>
    <subfield code="g">395.00</subfield>
    <subfield code="i">6009</subfield>
    <subfield code="l">0</subfield>
    <subfield code="p">26-B-55</subfield>
    <subfield code="r">2018-10-11</subfield>
    <subfield code="w">2018-10-11</subfield>
    <subfield code="y">02</subfield>
  </datafield>
  <datafield tag="952" ind1=" " ind2=" ">
    <subfield code="0">0</subfield>
    <subfield code="1">0</subfield>
    <subfield code="2">ddc</subfield>
    <subfield code="4">0</subfield>
    <subfield code="7">0</subfield>
    <subfield code="a">26</subfield>
    <subfield code="b">12</subfield>
    <subfield code="d">2018-10-11</subfield>
    <subfield code="e">BANSAL</subfield>
    <subfield code="g">395.00</subfield>
    <subfield code="i">6009</subfield>
    <subfield code="l">1</subfield>
    <subfield code="p">26-B-56</subfield>
    <subfield code="r">2018-12-06</subfield>
    <subfield code="s">2018-10-17</subfield>
    <subfield code="w">2018-10-11</subfield>
    <subfield code="y">02</subfield>
  </datafield>
  <datafield tag="952" ind1=" " ind2=" ">
    <subfield code="0">0</subfield>
    <subfield code="1">0</subfield>
    <subfield code="2">ddc</subfield>
    <subfield code="4">0</subfield>
    <subfield code="7">0</subfield>
    <subfield code="a">26</subfield>
    <subfield code="b">12</subfield>
    <subfield code="d">2018-10-11</subfield>
    <subfield code="e">BANSAL</subfield>
    <subfield code="g">395.00</subfield>
    <subfield code="i">6009</subfield>
    <subfield code="l">0</subfield>
    <subfield code="p">26-B-57</subfield>
    <subfield code="r">2018-10-11</subfield>
    <subfield code="w">2018-10-11</subfield>
    <subfield code="y">02</subfield>
  </datafield>
  <datafield tag="952" ind1=" " ind2=" ">
    <subfield code="0">0</subfield>
    <subfield code="1">0</subfield>
    <subfield code="2">ddc</subfield>
    <subfield code="4">0</subfield>
    <subfield code="7">0</subfield>
    <subfield code="a">26</subfield>
    <subfield code="b">12</subfield>
    <subfield code="d">2018-10-11</subfield>
    <subfield code="e">BANSAL</subfield>
    <subfield code="g">395.00</subfield>
    <subfield code="i">6009</subfield>
    <subfield code="l">1</subfield>
    <subfield code="p">26-B-58</subfield>
    <subfield code="r">2018-12-06</subfield>
    <subfield code="s">2018-10-17</subfield>
    <subfield code="w">2018-10-11</subfield>
    <subfield code="y">02</subfield>
  </datafield>
  <datafield tag="952" ind1=" " ind2=" ">
    <subfield code="0">0</subfield>
    <subfield code="1">0</subfield>
    <subfield code="2">ddc</subfield>
    <subfield code="4">0</subfield>
    <subfield code="7">0</subfield>
    <subfield code="a">26</subfield>
    <subfield code="b">12</subfield>
    <subfield code="d">2018-10-11</subfield>
    <subfield code="e">BANSAL</subfield>
    <subfield code="g">395.00</subfield>
    <subfield code="i">6009</subfield>
    <subfield code="l">0</subfield>
    <subfield code="p">26-B-59</subfield>
    <subfield code="r">2018-10-11</subfield>
    <subfield code="w">2018-10-11</subfield>
    <subfield code="y">02</subfield>
  </datafield>
  <datafield tag="952" ind1=" " ind2=" ">
    <subfield code="0">0</subfield>
    <subfield code="1">0</subfield>
    <subfield code="2">ddc</subfield>
    <subfield code="4">0</subfield>
    <subfield code="7">0</subfield>
    <subfield code="a">26</subfield>
    <subfield code="b">26</subfield>
    <subfield code="d">2018-10-11</subfield>
    <subfield code="e">BANSAL</subfield>
    <subfield code="g">395.00</subfield>
    <subfield code="i">6009</subfield>
    <subfield code="l">3</subfield>
    <subfield code="p">26-B-60</subfield>
    <subfield code="r">2019-04-23</subfield>
    <subfield code="s">2019-01-29</subfield>
    <subfield code="w">2018-10-11</subfield>
    <subfield code="y">02</subfield>
  </datafield>
</record>
